Central Library || Chittagong University

Fields and wanes in communication electronics (Record no. 52907)

MARC details
000 -LEADER
fixed length control field 00519nam a2200217 454500
001 - CONTROL NUMBER
control field 052907
003 - CONTROL NUMBER IDENTIFIER
control field BD-ChCU
008 - FIXED-LENGTH DATA ELEMENTS--GENERAL INFORMATION
fixed length control field Eng
020 ## - INTERNATIONAL STANDARD BOOK NUMBER
International Standard Book Number 997511479
040 ## - CATALOGING SOURCE
Original cataloging agency DLC
Transcribing agency DLC
Modifying agency BD-ChCU
082 00 - DEWEY DECIMAL CLASSIFICATION NUMBER
Classification number 537/R175f
100 1# - MAIN ENTRY--PERSONAL NAME
Personal name Ramo, Simon
Numeration Whinnery, John R.
245 10 - TITLE STATEMENT
Title Fields and wanes in communication electronics
Remainder of title x
250 ## - EDITION STATEMENT
Edition statement 3rd
260 ## - PUBLICATION, DISTRIBUTION, ETC.
Place of publication, distribution, etc. Singapore
Name of publisher, distributor, etc. Wiley
Date of publication, distribution, etc. 1994
300 ## - PHYSICAL DESCRIPTION
Extent xix,844
504 ## - BIBLIOGRAPHY, ETC. NOTE
Bibliography, etc. note Includes
650 #0 - SUBJECT ADDED ENTRY--TOPICAL TERM
Topical term or geographic name entry element Electromagnetic fields
Topical term following geographic name entry element Physics
700 1# - ADDED ENTRY--PERSONAL NAME
Personal name x
942 ## - ADDED ENTRY ELEMENTS (KOHA)
Source of classification or shelving scheme Dewey Decimal Classification
Koha item type Books
Holdings
Withdrawn status Lost status Source of classification or shelving scheme Damaged status Use restrictions Not for loan Home library Current library Shelving location Date acquired Source of acquisition Total Checkouts Full call number Barcode Date last seen Copy number Price effective from Koha item type Public note
    Dewey Decimal Classification       Chittagong University Library Chittagong University Library General Stacks 06/14/2015 Purchase   537/R175f 218624 09/13/2015 1 09/13/2015 Books x
    Dewey Decimal Classification       Chittagong University Library Chittagong University Library General Stacks 06/14/2015 Purchase   537/R175f 218625 09/13/2015 2 09/13/2015 Books x
    Dewey Decimal Classification       Chittagong University Library Chittagong University Library General Stacks 06/14/2015 Purchase   537/R175f 218626 09/13/2015 3 09/13/2015 Books x
    Dewey Decimal Classification       Chittagong University Library Chittagong University Library General Stacks 06/14/2015 Purchase   537/R175f 218627 09/13/2015 4 09/13/2015 Books x
    Dewey Decimal Classification       Chittagong University Library Chittagong University Library General Stacks 06/14/2015 Purchase   537/R175f 218628 09/13/2015 5 09/13/2015 Books x
    Dewey Decimal Classification       Chittagong University Library Chittagong University Library General Stacks 06/14/2015 Purchase   537/R175f 218629 09/13/2015 6 09/13/2015 Books x
    Dewey Decimal Classification       Chittagong University Library Chittagong University Library General Stacks 06/14/2015 Purchase   537/R175f 218630 09/13/2015 7 09/13/2015 Books x
    Dewey Decimal Classification       Chittagong University Library Chittagong University Library General Stacks 06/14/2015 Purchase   537/R175f 218631 09/13/2015 8 09/13/2015 Books x
    Dewey Decimal Classification       Chittagong University Library Chittagong University Library General Stacks 06/14/2015 Purchase   537/R175f 218632 09/13/2015 9 09/13/2015 Books x
    Dewey Decimal Classification       Chittagong University Library Chittagong University Library General Stacks 06/14/2015 Purchase   537/R175f 218633 09/13/2015 10 09/13/2015 Books x
    Dewey Decimal Classification       Chittagong University Library Chittagong University Library General Stacks 06/14/2015 Purchase   537/R175f 218634 09/13/2015 11 09/13/2015 Books x
    Dewey Decimal Classification       Chittagong University Library Chittagong University Library General Stacks 06/14/2015 Purchase   537/R175f 218635 09/13/2015 12 09/13/2015 Books x
    Dewey Decimal Classification       Chittagong University Library Chittagong University Library General Stacks 06/14/2015 Purchase   537/R175f 218636 09/13/2015 13 09/13/2015 Books x
    Dewey Decimal Classification       Chittagong University Library Chittagong University Library General Stacks 06/14/2015 Purchase   537/R175f 218637 09/13/2015 14 09/13/2015 Books x
    Dewey Decimal Classification       Chittagong University Library Chittagong University Library General Stacks 06/14/2015 Purchase   537/R175f 218638 09/13/2015 15 09/13/2015 Books x
© Copyright 2025. Chittagong University Library, Installation and Maintenance by Prof. Dr. Md. Alamgir, 01711306253